| 000 | 01643nam a2200349 a 4500 | ||
|---|---|---|---|
| 001 | 000015032 | ||
| 005 | 20240530073933.0 | ||
| 008 | 100129t2005 dr 001 edspa d | ||
| 020 | _a9993439339 | ||
| 040 |
_aDO-SdBNP _bspa _cBNPHU |
||
| 082 |
_aRD864.4209 _bJ61zS, 2005 |
||
| 100 | 1 |
_aJimenes Grullón, Juan Isidro, _d1903-1983 _92482 |
|
| 245 | 1 | 0 |
_aSeis poetas cubanos : _b(ensayos apologéticos) / _cJuan Isidro Jiménes Grullón ; prefacio León David. |
| 250 | _a2ª ed. | ||
| 260 |
_aSanto Domingo : _bEdiciones Librería La Trinitaria, _c2005. _fManatí |
||
| 300 |
_a159 p. ; _c23 cm. |
||
| 500 | _aIncluye datos biográficos del autor en la solapa. | ||
| 505 | 0 |
_tRegino E. Boti. -- _tMaría Luisa Milanés -- _tManuel Navarro Luna -- _tNicolás Guillén -- _tDulce María Loinaz -- _tEugenio Florit. |
|
| 600 | 1 | 4 |
_aBOTI, REGINO E., _d1878-1958, _xCRÍTICA E INTERPRETACIÓN _934018 |
| 600 | 1 | 4 |
_aMILANÉS, MARÍA LUISA, _d1893-1919, _xCRÍTICA E INTERPRETACIÓN _934019 |
| 600 | 1 | 4 |
_aNAVARRO LUNA, MANUEL, _d1894-1972, _xCRÍTICA E INTERPRETACIÓN _934020 |
| 600 | 1 | 4 |
_aGUILLÉN, NICOLÁS, _d1902-1989, _xCRÍTICA E INTERPRETACIÓN _920834 |
| 600 | 1 | 4 |
_aLOINAZ, DULCE MARÍA, _d1902-1997, _xCRÍTICA E INTERPRETACIÓN _934021 |
| 600 | 1 | 4 |
_aFLORIT, EUGENIO, _d1903-1999, _xCRÍTICA E INTERPRETACIÓN _934022 |
| 650 | 1 | 4 |
_aPoetas cubanos _xCrítica e interpretación _ySIGLO XX _934023 |
| 650 | 0 |
_aEnsayos dominicanos _965 |
|
| 650 | 4 |
_aLiteratura cubana _xHistoria y crítica _95687 |
|
| 650 | 0 |
_aLiteratura dominicana. _967 |
|
| 700 | 1 |
_aLeón David _d1945- _epról. _984930 |
|
| 910 | _aValidado. Control de calidad EMS | ||
| 049 | _aBNPD | ||
| 999 |
_c14605 _d14605 |
||